Statistiques concernant Les vrais noms des Super Heros Marvel

Cliquez ici pour prendre le quiz!

Statistiques générales

  • Ce quiz a été pris 113 fois
  • Le résultat moyen est 16 sur 60

Statistiques - réponses

HintRéponse% Correct
Iron ManTony Stark
96%
Spider-ManPeter Parker
89%
HulkBruce Banner
88%
Captain AmericaSteve Rogers
87%
Le Soldat de L'hiverJames Buchanan Barnes
74%
La Sorcière RougeWanda Maximoff
72%
Star-LordPeter Quill
71%
Black WidowNatasha Romanoff
66%
Quicksilver (Vif-Argent)Pietro Maximoff
59%
Black Panther (maintenantT'Challa
57%
Ant-Man (maintenantScott Lang
55%
Captain MarvelCarol Danvers
50%
Docteur StrangeStephen Strange
46%
HawkeyeClint Barton
45%
Ant-Man (avant)Hank Pym
44%
Black Panther (avant)T'Chaka
39%
Le FauconSam Wilson
38%
Bouffon VertNorman Osborn
35%
Docteur OctopusOtto Octavius
31%
VenomEddie Brock
30%
War MachineJames Rhodes
28%
DaredevilMatt Murdock
26%
Miss MarvelKamala Khan
24%
Baron ZemoHelmut Zemo
20%
Spider-Man (costume noir)Miles Morales
19%
DeadpoolWade Wilson
19%
La CaïdWilson Fisk
19%
La Guêpe (maintenant)Hope Van Dyne
18%
Hawkeye (2)Kate Bishop
18%
MysterioQuentin Beck
18%
Agent 13Sharon Carter
18%
Spider-WomanGwen Stacy
17%
Mister FantasticReed Richards
16%
La Guêpe (avant)Janet Van Dyne
15%
La ChoseBenjamin Grimm
13%
La Torche HumaineJohnny Storm
13%
Moon KnightMarc Spector
13%
Ghost RiderJohnny Blaze
12%
Iron MongerObadiah Stane
12%
Le VautourAdrian Toomes
11%
Miss HulkJennifer Walters
11%
The PunisherFranck Castle
10%
Crâne RougeJohann Schmidt
10%
Baron MordoKarl Mordo
10%
Erik KillmongerN'Jadaka
10%
IronheartRiri Williams
9%
CrossbonesBrock Rumlow
6%
WolverineJames Howlett
6%
Le FantômeAva Starr
5%
M.O.D.O.K.Darren Cross
5%
EchoMaya Lopez
5%
Iron FistDanny Rand
4%
MagnetoMax Eisenhardt
4%
Red GuardianAlexei Shostakov
3%
TaskmasterAntonia Dreykov
3%
ValkyrieBrunnhilde
3%
ShockerHerman Schultz
2%
Femme invisibleJane Storm
2%
Le CollectionneurTaneleer Tivan
2%
Le MandarinTrevor Slattery
2%

Distribution des résultats

Percentile par nombre de réponses

% des personnes avec chaque résultat

Votre développement - résultats

Vous n’avez pas pris ce quiz